000 00531nam a22001937a 4500
003 KOHA_MİRAKIL
005 20251003143124.0
008 251003b tu ||||| |||| 00| 0 tur d
020 _a9789755337135
040 _aTR-AnABB
_btur
_cTR-AnABB
041 _atur
082 _a843.914
_bGRE 2012
100 1 _aGreen, Julien,
245 1 0 _aYeryüzünde bir yolcu /
_cJulien Green
260 _aAnkara :
_bİmge Kitapevi,
_c2012
300 _a173 sayfa ;
_c20 cm
650 0 4 _aFransız edebiyatı, roman
942 _2ddc
_cBK
999 _c9072
_d9072
900 _bGizem YORULMAZ